| 000 | 00782nam a22002777a 4500 | ||
|---|---|---|---|
| 008 | 131006b xxu||||| |||| 00| 0 eng d | ||
| 020 | _a81-7635-321-3 | ||
| 024 | _cAvailable | ||
| 037 | _cAvailble | ||
| 040 |
_aMBSTU LIBRARY _dMBSTU LIBRARY |
||
| 082 |
_222 _a005.362 NOI |
||
| 100 | _aNorton, Peter. | ||
| 110 | _aJohn Goodman. | ||
| 245 | _aInside the PC. | ||
| 250 | _a8th | ||
| 260 |
_aNew Delhi _bTechnomedia. _c1999 |
||
| 300 |
_a24 cm. _b816 page _f1 _g24 cm. |
||
| 600 | _2Programming languages. | ||
| 650 | _2Programming languages. | ||
| 700 | _aNorton, Peter. | ||
| 710 | _aJohn Goodman. | ||
| 270 |
_aNew Delhi _bNew Delhi _dIndia |
||
| 365 |
_b324.00 _d324.00 |
||
| 942 |
_2ddc _cBK |
||
| 999 |
_c699 _d699 |
||